000 00417nam a2200181Ia 4500
008 230524s9999 xx 000 0 und d
020 _a8121919274
082 _a346.06
_bPIL
100 _aR.S.N.Pillai
245 0 _aBusiness Law
250 _aIST
260 _aNEW DELHI
_bS.Chand
_c2009
300 _aVIII;472
500 _aQuantity Number: 10
650 _aManagement
700 _a Bagavathi
942 _cBK
999 _c46711
_d46711